000 00494 a2200145 4500
999 _c72
_d72
020 _a9780335221356 (hbk.)
050 _aBF76.5 ALB 2007
100 _aAlbon, Amanda
_eauthor
245 _aIntroducing psychology through research /
_cAmanda Albon
264 _aMaidenhead, England ; New York, NY :
_bMcGraw-Hill/Open University Press,
_c2007
300 _axii, 186 p. :
500 _aIncludes bibliographical references ([169]-178)
650 _aPsychology
_xResearch
942 _2lcc
_cBK
_h76.5
_iALB
_kBF